000 00442nam a22001457a 4500
008 170213b xxu||||| |||| 00| 0 eng d
020 _a9780328038213
050 _aQA75
_b .F67 2005
100 _aForesman, Scott
245 _aMathematics Grade 5:
_bHome-School Connection/
_cScott Foresman
260 _aNew Jersey:
_bPearson,
_c2005.
300 _aiv,72p.:
650 _aMathematics.
942 _2lcc
_cBOOKS
_hQA75 .F67 2005
999 _c28003
_d28003